00712nab a2200181uuc4500001000800000005001700008008004100025035001200066040001300078041000800091100004100099245012900140650004100269650004200310650004700352650004700399773008400446137497920240202115005.0140618e19920905 spa  a1374979 ccomduadb aspa10aRestrepo Sierra, Guillermo4auteaut10aDiscurso presentado por el profesor Guillermo Restrepo con ocasión de la entrega del Premio Nacional de Matemáticas 1992 aPremio Nacional de Matematicas, 1992 aRestrepo Sierra, Guillermo - Discurso aRestrepo Sierra, Guillermo - Autobiografia aMatemáticas - Ensayos, conferencias, etc0 tRevista de Ciencias (Cali)gNo. 07, Sep. 1992, 5-11w1298577x0121-19350633582